000 00679nas a2200229 4500
001 BR7704356
003 BR-BrBNA
005 20231205083228.0
007 ta
008 230509b bl.|||p| |||| 00| 00por d
040 _aBR-BrBNA
_bpor
_cBiblioteca Nacional de Agricultura
041 _a(Pt)
072 _aK10; K20
100 1 _aAnon.
245 1 _aO mundo florestal [Silvicultura; Politica florestal]
650 _aADMINISTRACAO FLORESTAL
650 _aSILVICULTURA
650 _aPOLITICA FLORESTAL
773 0 _tRevista da Madeira (Brazil)
_xISSN 0034-7582
_g(Oct 1977), v. 26(310) p. 31-34
_wBR7704356
909 _a202311
_bLúcia
_c55
_dLúcia Elande
942 _2AGRIS
_n0
_cANA
999 _c97312
_d97312